| 000 | 00760nam a2200253 u 4500 | ||
|---|---|---|---|
| 005 | 20230920064002.0 | ||
| 008 | 160905s2014 ag r 000 0 spa d | ||
| 020 | _a9789876912792 | ||
| 035 | _aUPN01000212805 | ||
| 049 | _aCG | ||
| 050 | 4 |
_aHQ57.6 A7 _bS4.9 |
|
| 245 | 0 | 3 |
_aLa sexualidad va a la escuela / _ced. Ana Lía Kornblit. |
| 260 |
_aBuenos Aires : _bBiblos, _c2014. |
||
| 300 |
_a187 p. : _bgráfs., cuadros |
||
| 440 | 0 | _aHerramientas educativas | |
| 650 | 0 |
_aEducación sexual _zArgentina _914140 |
|
| 650 | 7 |
_aSexualidad del adolescente _2 _91514 |
|
| 650 | 7 |
_aJóvenes _xConducta de vida _2 _916721 |
|
| 650 | 4 |
_aEducación y Estado _919 |
|
| 700 | 1 |
_aKornblit, Ana Lía, _eed. |
|
| 905 | _aLibro | ||
| 999 |
_c184905 _d184905 |
||